Stati confinanti più estesi - Quiz n°13 - Statistics

Statistiche generali
  • Questo quiz è stato fatto 8 volte
  • Il punteggio medio è 8 su 10
Statistiche sulle risposte
Nazione Nazione confinante più estesa % Corretto
Emirati Arabi Uniti Arabia Saudita
100%
Macedonia del Nord Grecia
100%
Slovenia Italia
100%
Lettonia Russia
100%
Suriname Brasile
88%
Angola Repubblica Democratica del Congo
88%
Niger Algeria
63%
Pakistan Cina
63%
Laos Cina
63%
El Salvador Honduras
50%
Nessun quiz corrispondente trovato
Distribuzione punteggi
Percentuale di utenti per punteggio
Percentile per numero di risposta
I tuoi punteggi nel tempo
Non hai fatto questo quiz